Statistics for Translate These Portuguese Verbs

Click here to take the quiz!

General Stats

  • This quiz has been taken 50 times
  • The average score is 21 of 30

Answer Stats

PortugueseEnglish% Correct
DançarTo Dance
94%
ComerTo Eat
94%
SerTo Be
91%
BeberTo Drink
91%
CantarTo Sing
91%
DormirTo Sleep
91%
EscreverTo Write
91%
ComprarTo Buy
85%
ContinuarTo Continue
85%
EstudarTo Study
85%
AndarTo Walk
82%
EntrarTo Enter
79%
AbrirTo Open
79%
ViajarTo Travel
79%
ConstruirTo Build
76%
FazerTo Do
73%
MatarTo Kill
73%
OlharTo See
73%
FalarTo Talk
73%
CairTo Fall
67%
SentarTo Sit
67%
PedirTo Ask
61%
PararTo Stop
58%
SairTo Leave
55%
FecharTo Close
52%
DesenharTo Draw
48%
CriarTo Create
36%
AcharTo Find
36%
MachucarTo Hurt
33%
CurarTo Heal
24%

Score Distribution

Percentile by Number Answered

Percent of People with Each Score

Your Score History

You have not taken this quiz